| 000 | 00527nam a2200181Ia 4500 | ||
|---|---|---|---|
| 003 | OSt | ||
| 005 | 20200805131241.0 | ||
| 008 | 190216s9999||||xx |||||||||||||| ||und|| | ||
| 020 | _a8173191190 | ||
| 040 | _coclc | ||
| 082 |
_a515.42 _bRAN/I |
||
| 100 |
_aRana, Inder K _93880 |
||
| 245 | 3 |
_aAn Introduction To Measure And Integration / _cInder K Rana |
|
| 260 |
_bNarosa Pubs House, _c1997. _aNew Delhi: |
||
| 300 | _a380p | ||
| 650 | _aMathematics | ||
| 942 |
_cBK _2ddc _h515.42 _iRAN/I _k515.42 _mRAN/I |
||
| 999 |
_c31437 _d31437 |
||